First ever Warriors NRL team - Statistics

General Stats
  • This quiz has been taken 17 times
  • The average score is 11 of 18
Answer Stats
Hint Answer % Correct
3 Dean Bell
86%
Coach John Monie
86%
2 Sean Hoppe
86%
9 Duane Mann
71%
6 Gene Ngamu
71%
7 Greg Alexander
71%
10 Hitro Okesene
71%
1 Phil Blake
71%
11 Stephen Kearney
71%
8 Gavin Hill
57%
4 Manoa Thompson
57%
Bench Tea Ropati
57%
12 Tony Tatupu
57%
5 Whetu Taewa
57%
Bench Jason Mackie
43%
Bench Se'e Solomona
43%
13 Tony Tuimavave
43%
Bench Marty Moana
29%
No matching quizzes found
Score Distribution
Percent of People with Each Score
Percentile by Number Answered
Your Score History
You have not taken this quiz